Giới thiệu giáo án ngữ văn 11 T.2
Na minha lista:
| Autor principal: | |
|---|---|
| Outros Autores: | , |
| Formato: | Livro |
| Idioma: | Vietnamese |
| Publicado em: |
H.
Nxb. Hà Nội
2008
|
| Assuntos: | |
| Tags: |
Adicionar Tag
Sem tags, seja o primeiro a adicionar uma tag!
|
| Thư viện lưu trữ: | Trung tâm Học liệu Lê Vũ Hùng, Trường Đại học Đồng Tháp |
|---|
| LEADER | 00996pam a22003018a 4500 | ||
|---|---|---|---|
| 001 | 00027720 | ||
| 005 | 20171026081025.0 | ||
| 008 | 111216s2008 ||||||viesd | ||
| 020 | |c 34000 | ||
| 041 | 0 | # | |a vie |
| 082 | 1 | 4 | |a 807 |b GI462TH |
| 100 | 1 | # | |a Nguyễn Hải Châu |
| 245 | 1 | 0 | |a Giới thiệu giáo án ngữ văn 11 |c Nguyễn Hải Châu (ch.b.), Nguyễn Trọng Hoàn, Nguyễn Khắc Đàm |n T.2 |
| 260 | # | # | |a H. |b Nxb. Hà Nội |c 2008 |
| 300 | # | # | |a 216 tr. |c 24 cm. |
| 650 | # | 4 | |a Lớp 11 |
| 650 | # | 4 | |a Giáo án |
| 650 | # | 4 | |a Ngữ văn |
| 650 | # | 4 | |a sách giáo viên |
| 650 | # | 4 | |a Tập làm văn |
| 650 | # | 4 | |a Tiếng việt |
| 650 | # | 4 | |a Phương pháp giảng dạy |
| 700 | 1 | # | |a Nguyễn Trọng Hoàn |
| 700 | 1 | # | |a Nguyễn Khắc Đàm |
| 852 | # | # | |j KD.0012817 |
| 852 | # | # | |b Kho đọc |j KD.0010989 |
| 910 | |d 16/12/2011 | ||
| 980 | # | # | |a Trung tâm Học liệu Lê Vũ Hùng, Trường Đại học Đồng Tháp |